000 00275nam a22001337a 4500
008 170531b xxu||||| |||| 00| 0 eng d
020 _a060108010
041 _aeng
080 _a93
100 _a17
101 _aSHH
245 _aCIVILIZATION
_cCLARK, K
942 _2udc
_cBK
999 _c15177
_d15177